书目信息 |
| 题名: |
思维规律论
|
|
| 作者: | 章沛 著 | |
| 分册: | ||
| 出版信息: | 长沙 湖南人民出版社 1981.09 |
|
| 页数: | 357页 | |
| 开本: | 20cm | |
| 丛书名: | ||
| 单 册: | ||
| 中图分类: | B812.1 | |
| 科图分类: | ||
| 主题词: | 形式逻辑的基本规律 | |
| 电子资源: | ||
| ISBN: | ||
| 000 | 00501nam0 2200193 45 | |
| 001 | 0181024531 | |
| 005 | 20070802090401.29 | |
| 010 | @dCNY1.20 | |
| 091 | @a2109.30 | |
| 100 | @a20810111d km y0chiy0120 ea | |
| 101 | 0 | @achi |
| 200 | 1 | @a思维规律论@ASi Wei Gui Lu Lun@f章沛著@FZhang Pei Zhu |
| 210 | @a长沙@c湖南人民出版社@d1981.09 | |
| 215 | @a357页@d20cm | |
| 606 | 0 | @a形式逻辑的基本规律 |
| 690 | @aB812.1@v3 | |
| 701 | 0 | @a章沛@4著 |
| 801 | @aCN@bTSTC@c20070802 | |
| 905 | @dB812.1@e29@f1@b82522 | |
| 思维规律论/章沛著.-长沙:湖南人民出版社,1981.09 |
| 357页;20cm |
| ISBN :CNY1.20 |
| ● |
| 相关链接 |
|
|
|
|
正题名:思维规律论
索取号:B812.1/29
 
预约/预借
| 序号 | 登录号 | 条形码 | 馆藏地/架位号 | 状态 | 备注 |
| 1 | 0082518 | 001743466 | 密集书库/ [索取号:B812.1/29] | 在馆 | |
| 2 | 0082519 | 000576781 | 密集书库/ [索取号:B812.1/29] | 在馆 | |
| 3 | 0082521 | 000576790 | 密集书库/ [索取号:B812.1/29] | 在馆 | |
| 4 | 0082522 | 000576772 | 第一样本阅览室/ [索取号:B812.1/29] | 在馆 | |
| 5 | 0790764 | 207907648 | 密集书库/ [索取号:B812.1/29] | 在馆 |